Normal view
MARC view
- Guide Name:Peshave Chaitanya
Entry Personal Name
001 - CONTROL NUMBER
- control field: 210260
003 - CONTROL NUMBER IDENTIFIER
- control field: OSt
005 - DATE AND TIME OF LATEST TRANSACTION
- control field: 20250110171517.0
008 - FIXED-LENGTH DATA ELEMENTS
- fixed length control field: 250110|| aca||aabn | a|a d
040 ## - CATALOGING SOURCE
- Original cataloging agency: OSt
- Transcribing agency: OSt
100 ## - HEADING--PERSONAL NAME
- Personal name: Guide Name:Peshave Chaitanya
670 ## - SOURCE DATA FOUND
- Source citation: Work cat.: (OSt)363452: Patil Janhavi 182585, School Of Architecture At Pune For Aissms, 2014